[Strategický manažment. Prípadové štúdie]

Recenzia na skriptá, ktoré slúžia ako učebná pomôcka na semináre s daného predmetu. Zahŕňajú spolu 39 prípadových štúdií, ktoré približujú problematiku strategického manažmentu a spájajú teoretické poznatky o jeho metódy postupy a nástroje s praxou podnikov a organizácií.

Gespeichert in:
Bibliographische Detailangaben
1. Verfasser: Jankelová, Nadežda, 1966-
Format: Buchkapitel
Sprache:Slowakisch
Schlagworte:
Tags: Tag hinzufügen
Keine Tags, Fügen Sie das erste Tag hinzu!

MARC

LEADER 00000naa a2200000 4500
001 0157399
005 20240502072741.5
041 0 |a slo 
044 |a SK 
245 1 0 |a [Strategický manažment. Prípadové štúdie]  |c Nadežda Jankelová 
520 |a Recenzia na skriptá, ktoré slúžia ako učebná pomôcka na semináre s daného predmetu. Zahŕňajú spolu 39 prípadových štúdií, ktoré približujú problematiku strategického manažmentu a spájajú teoretické poznatky o jeho metódy postupy a nástroje s praxou podnikov a organizácií. 
610 2 0 |a recenzie 
610 2 0 |a štúdie prípadové 
610 2 0 |a manažment strategický 
100 1 |a Jankelová, Nadežda, 1966-